000
00334nam a2200133Ia 4500
008
240624s9999 xx 000 0 und d
041
_a
eng
082
_a
791.4302 GUP
100
_a
GUPTA NEENA
245
_a
SACH KAHUN TOH AN AUTOBIOGRAPHY
260
_c
2021
_a
USA
_b
Penguin Random House
300
_a
295p. ;23cm.
365
_c
RS
_b
33
999
_c
32740
_d
32740